|
|
|
|
| LEADER |
00000nab a2200000 a 4500 |
| 001 |
vtls011720874 |
| 003 |
SK-MaSNL |
| 005 |
20260319070829.0 |
| 008 |
171115c2017 xo w| 000 0|hun |
| 015 |
|
|
|a SNBRB2017/11
|
| 038 |
|
|
|a DSZK
|
| 040 |
|
|
|a DSZK
|b slo
|c DSZK
|e AACR2
|
| 041 |
0 |
|
|a hun
|
| 044 |
|
|
|a xo
|c SK
|
| 080 |
|
|
|a 332.055.2(437.612)
|2 2011
|
| 100 |
1 |
|
|a Urbán, Klára,
|d 1950-
|4 aut
|9 1085768
|
| 245 |
1 |
0 |
|a A legnagyobb kihívás: örömmel élni
|c Urbán Klára
|
| 300 |
|
|
|b Fotogr.
|
| 650 |
0 |
7 |
|a miestny rozvoj
|2 SNKPH
|9 58249
|
| 651 |
|
7 |
|a Veľké Dvorníky (Slovensko)
|2 SNKPH
|9 156743
|
| 773 |
0 |
|
|t Vasárnap
|g Évf. 50, sz. 47 (2017), o. 12-13
|
| 852 |
|
|
|a DSZK
|b KIS3GCP
|
| 958 |
|
|
|a HU
|
| 958 |
|
|
|a SK
|
| 999 |
|
|
|c 1787913
|d 1789843
|